Responses for show #7373 - Wednesday, October 5, 2016

Seth Wilson game 13.

Contestants

Margie Eulner Ott, a consultant and rideshare driver from Bethesda, Maryland

Eric Felkey, a kitchen manager from Columbus, Ohio

Seth Wilson, a Ph.D. candidate from Chicago, Illinois (whose 12-day cash winnings total $265,002)

Jeopardy! Round responses

A SONG OF ICE &/OR FIRE
STAMPS
IT'S SCOTCH TO ME
"TRANS" ACTION
NAPOLEON
BONE APART
    $200 1
"Ice Ice Baby"

Seth
    $200 26
Fort McHenry

Margie
    $200 20
Glen

Margie
    $200 6
transmission

Seth
    $200 11
Corsica

Eric
    $200 13
radius

Margie
    $400 2
Pat Benatar

Seth
    $400 27
"Live long and prosper" (the Vulcan salute)

Seth
    $400 22
(Seth: What is peat?)
(Margie: What is rye?)

barley

SethMargie
Triple Stumper
    $400 7
transcript

Eric
    $400 12
Saint Helena

Margie
    $400 14
the mandible

Eric
    $600 3
"Set Fire To The Rain"

Seth
    $600 28
[The end-of-round signal sounds.]

Puerto Rico

Eric
    $600 23
(Eric: What is an Old Fashioned?)
...
(Alex: Less than a minute now.)

a Rob Roy

SethEric
    $600 8
transpiration

Margie
    $600 16
a bayonet

Seth
    $600 15
a woolly mammoth

Seth
    $800 4
Dierks Bentley

Triple Stumper
    $800 24
Cutty Sark

Seth
    $800 9
transmigration

Seth
    $800 17
the Code

Margie
    $800 18
(Eric: What is the scapula?)

a clavicle

SethEric
    $1000 5
Foreigner

Seth
    $1000 25
Highland

Triple Stumper
    $1000 10
(Margie: What is Amnesty?)
(Alex: No.)
(Margie: International?)

Transparency

Margie
Triple Stumper
    $1,000 19
(Seth: What is Palestine?)

Egypt

Seth
    $1000 21
a sternum

Seth

Scores at the first commercial break (after clue 15):

Seth Eric Margie
$3,800 $1,000 $200

Scores at the end of the Jeopardy! Round:

Seth Eric Margie
$6,600 $200 $1,000

Double Jeopardy! Round responses

"Y" GEOGRAPHY?
12-LETTER WORDS
FLORAL BOOK TITLES
ALLITERATIVE TV ACTRESSES
U.S. FIRSTS
TECH TOOLS
    $400 20
the Yangtze

Eric
    $400 6
(Margie: Uh... I'm sorry. Uh...)
(Alex: [Indicating time expiry] Oh.)
(Margie: Tulips--)
(Alex: [Overlapping] No, took too long.)
(Margie: What are tulips?)
(Alex: No.)

Amsterdam

EricMargie
    $400 1
Laura Linney

Seth
    $400 11
Miller

Seth
    $400 16
virus

Seth
    $800 24
Yonkers

Eric
    $800 29
[The end-of-round signal sounds.]

a battleground

Seth
    $800 7
Nancy Drew

Seth
    $800 2
Angel

Seth
    $800 12
(Margie: Who is Errol Flynn?)

Douglas Fairbanks

SethMargie
    $800 17
Siri

Seth
    $1200 23
Yokohama

Margie
    $1200 28
a clotheshorse

Seth
    $1200 8
The Name of the Rose

Margie
    $2,000 3
Fuller House

Seth
    $1200 13
Portland

Seth
    $1200 18
Final Cut

Seth
    $1600 22
Yerevan

Triple Stumper
    $6,000 27
(Alex: You are now $6,000 off the lead.)
(Margie: Um, I'll wager $6,000.)
(Alex: For a tie, here is the clue...)

a doppelganger

Margie
    $1600 9
Henry James

Margie
    $1600 4
Lucy Lawless

Seth
    $1600 14
the National Mall

Margie
    $1600 19
PDF

Margie
    $2000 21
Yap

Triple Stumper
    $2000 26
genuflecting

Margie
    $2000 10
Flowers for Algernon

Seth
    $2000 5
Nichelle Nichols

Margie
    $2000 15
Trinity

Triple Stumper
    $2000 25
(Seth: What is Jeeves?)
...
(Alex: And we have less than a minute now to deal with that last category, Eric.)

Alfred

Seth
Triple Stumper

Scores at the end of the Double Jeopardy! Round:

Seth Eric Margie
$19,000 $1,800 $17,000

[wagering suggestions for these scores]

Final Jeopardy! Round responses

THE ECONOMY
(Alex: [To Seth] $5. Well, you're going away a champion. We'll see you in our Tournament of Champions.)
EricWhat is I have no idea?
$1,800
MargieWhat is too big to fail.
$17,000
SethWhat is Too Big to Fail?
$5
too big to fail

Final scores:

Seth Eric Margie
$19,005 $0 $34,000
2nd place: $2,000 3rd place: $1,000 New champion: $34,000

Game dynamics:

Coryat scores:

Seth Eric Margie
$19,200 $1,800 $12,600
27 R
(including 1 DD),
3 W
(including 1 DD)
7 R,
2 W
14 R
(including 1 DD),
4 W

Combined Coryat: $33,600

The J! Archive is created by fans, for fans. The Jeopardy! game show and all elements thereof, including but not limited to copyright and trademark thereto, are the property of Jeopardy Productions, Inc. and are protected under law. This website is not affiliated with, sponsored by, or operated by Jeopardy Productions, Inc. Join the discussion at JBoard.tv.